00918nam a22001937a 45000010005000000030006000050050017000110080041000280200018000690400029000870500008001160820011001241000020001352450058001552500025002132600041002383000056002795200389003355799FISKH20250122163452.0250122b cb ||||| |||| 00| 0 eng d a9780340789506 aFISKHbengcFISKHdFISKH aPZ7 a944.04 aHodgson, Chris  aThe French revolution, 1789-1794 / cby Chris Hodgson aFirst published 2001 aLondon :bHodder Education ,c2001 . a46 pages : bcolor illustrations , maps ;c28 cm .  aHodder History helps you teach history the way you want to teach it. The French Revolution is an essential and unique resource for teaching and learning about the issues and events that characterise France before and after revolution. It never lets go of the period's story, providing innovative and exciting opportunities to examine the big picture and investigate particular topics.